Pays sans voyelles - 2 - Statistiques

Statistiques générales
  • Ce quiz a été pris 192 fois
  • Le résultat moyen est 18 sur 20
Statistiques - réponses
HINT ANSWER % Correct
Gr_c_ Grèce
100%
Gr_c_ Grèce
100%
C_p-V_rt Cap-Vert
99%
M_nt_n_gr_ Monténégro
99%
Fr_nc_ France
96%
B_l_v__ Bolivie
95%
Z_mb_bw_ Zimbabwe
95%
_rg_nt_n_ Argentine
94%
_r_k Irak
94%
_sl_nd_ Islande
94%
C_t_ d'_v__r_ Côte d'Ivoire
93%
_rm_n__ Arménie
92%
_lb_n__ Albanie
91%
_nd_ Inde
89%
_t_l__ Italie
88%
_g_pt_ Égypte
84%
S__nt-Chr_st_ph_-_t-N__v_s Saint-Christophe-et-Niévès
83%
B_hr__n Bahreïn
80%
_ng_l_ Angola
76%
S__ T_m_-_t-Pr_nc_p_ Sao Tomé-et-Principe
64%
Aucun quiz correspondant
Distribution des résultats
% des personnes avec chaque résultat
Percentile par nombre de réponses
Votre historique - résultats
Vous n’avez pas pris ce quiz